00676nam a22001697a 4500003000900000008004100009040007100050082001800121100001800139245005600157260004400213300002800257440005300285505012700338650002400465650001700489AR-CdUCM190503b ||||| |||| 00| 0 spa d aMUNICIPALIDAD PROVINCIAL DEL CUSCOcBIBLIOTECA MUNICIPAL DEL CUSCO a301.19 /bG37 aGermani, Gino aEstudios sobre sociología y psicología social / aBuenos Aires :bEdit. Paidós, c1940. a213 páginas ;c20 cm. aBiblioteca de psicología y sociología ; n10 aContenido: Problemas de teoría e historia de las doctrinas -- Contribuciones al análisis de la crisis contemporánea. aPsicología social aSociología